[Event "Poikovsky"]
[Site "?"]
[Date "2004.??.??"]
[Round "?"]
[White "Zvjaginsev, V."]
[Black "Sokolov, I."]
[Result "1/2-1/2"]
[WhiteElo "2650"]
[BlackElo "2705"]
[PlyCount "34"]
[EventDate "2004.??.??"]
[Source "Chess Informant"]
[SourceDate "2004.06.01"]

1. c4 e5 2. Nc3 Bb4 3. Nd5 Bc5 4. e3 Nf6 5. d4 Nxd5 6. cxd5 exd4 7. exd4 Bb4+ 8. Bd2 Bxd2+ 9. Qxd2 O-O 10. Bc4 d6 11. Ne2 Re8 12. O-O Nd7 13. Nc3 Nf6 14. Bd3 Bd7 15. h3 h6 16. Rae1 Rxe1 17. Rxe1 Qf8 1/2-1/2

[Event "Las Palmas"]
[Site "?"]
[Date "1994.??.??"]
[Round "?"]
[White "Lautier, J."]
[Black "Shirov, A."]
[Result "1-0"]
[WhiteElo "2625"]
[BlackElo "2715"]
[PlyCount "115"]
[EventDate "1994.??.??"]
[Source "ChessBase"]
[SourceDate "1994.02.01"]

1. c4 e5 2. Nc3 Bb4 3. Nd5 Be7 4. d4 d6 5. e4 Nf6 6. Nxe7 Qxe7 7. f3 Nh5 8. Be3 O-O 9. Ne2 f5 10. exf5 exd4 11. Qxd4 Nc6 12. Qd2 Bxf5 13. O-O-O Rae8 14. Bg5 Qf7 15. g4 Ne5 16. Qc3 h6 17. gxf5 hxg5 18. Nd4 Nf4 19. h4 Qf6 20. c5 d5 21. hxg5 Qxg5 22. Kb1 Nc6 23. Bd3 Nxd4 24. Qxd4 Nxd3 25. Qxd5+ Rf7 26. Rxd3 Qxf5 27. Qxf5 Rxf5 28. Rd7 Rf7 29. Rh8+ Kxh8 30. Rxf7 Rc8 31. Kc2 Kh7 32. Kd3 Kg6 33. Rd7 Kf6 34. Kd4 g5 35. Kd5 Kf5 36. Rf7+ Kg6 37. Rd7 Kf5 38. Rf7+ Kg6 39. Ke6 a5 40. Rf6+ Kg7 41. Rf7+ Kg6 42. Re7 Rf8 43. Rxc7 Rf6+ 44. Kd5 Rf5+ 45. Ke6 Rf6+ 46. Kd5 Rf5+ 47. Kd6 Rf6+ 48. Kd7 Rf7+ 49. Kd8 Rxf3 50. Rxb7 g4 51. Rd7 g3 52. Rd1 g2 53. Rg1 Rf2 54. b3 Kf7 55. c6 Ke6 56. Kc8 Rxa2 57. c7 Rb2 58. Re1+ 1-0

[Event "Beer Sheva ISR, World Team Ch"]
[Site "?"]
[Date "2005.11.07"]
[Round "6"]
[White "Azmaiparashvili Zurab"]
[Black "Bruzon Lazaro"]
[Result "1-0"]
[WhiteElo "2658"]
[BlackElo "2677"]
[PlyCount "85"]
[EventDate "2005.??.??"]
[Source "www.chesslib.no"]
[SourceDate "2004.05.04"]

1. c4 e5 2. Nc3 Bb4 3. Nd5 Bc5 4. e3 Nf6 5. Ne2 Nxd5 6. cxd5 O-O 7. g3 d6 8. d4 exd4 9. Nxd4 Re8 10. Bg2 Nd7 11. O-O Nf6 12. Qd3 Bd7 13. b3 Qe7 14. Bb2 Qe5 15. Qc4 Qh5 16. Rfe1 Re7 17. b4 Bb6 18. a4 Bh3 19. Bf3 Bg4 20. Bg2 Rae8 21. a5 Bxd4 22. Qxd4 Bf3 23. Qxa7 Bxg2 24. Kxg2 Ng4 25. h3 Qxd5+ 26. Kg1 Nxf2 27. Kxf2 Qf5+ 28. Kg2 Qe4+ 29. Kf2 Qf5+ 30. Kg2 Qc2+ 31. Kg1 Qxb2 32. Qxb7 h6 33. Rab1 Qf6 34. a6 c5 35. Qc6 Qe5 36. b5 d5 37. Kh2 Qf5 38. Rb2 Rc8 39. Qd6 Re6 40. Qd7 Ra8 41. Qb7 Ree8 42. b6 Qf6 43. Ree2 1-0

[Event "Moscow Alekhine Memorial"]
[Site "?"]
[Date "1992.??.??"]
[Round "4"]
[White "Gelfand, Boris"]
[Black "Shirov, Alexei D"]
[Result "0-1"]
[WhiteElo "2665"]
[BlackElo "2655"]
[PlyCount "180"]
[EventDate "1992.??.??"]
[Source "www.chesslib.no"]
[SourceDate "2004.05.04"]

1. c4 e5 2. Nc3 Bb4 3. Nd5 Be7 4. d4 d6 5. Nf3 Nc6 6. e3 e4 7. Ng1 Bg5 8. h4 Be7 9. Ne2 f5 10. Nef4 Nf6 11. Nxf6+ Bxf6 12. Nd5 O-O 13. Bd2 Ne7 14. Nxf6+ Rxf6 15. d5 Ng6 16. Bc3 Ne5 17. Bxe5 dxe5 18. Qc2 c5 19. O-O-O Qa5 20. Kb1 Bd7 21. Qd2 Qxd2 22. Rxd2 f4 23. Kc1 Raf8 24. Be2 Rg6 25. Rg1 fxe3 26. fxe3 Rg3 27. Rc2 Kf7 28. Kd2 Ke7 29. Rc3 Rf2 30. Ke1 Rfxg2 31. Rxg2 Rxg2 32. Ra3 a6 33. Rb3 b5 34. cxb5 axb5 35. Bxb5 Bxb5 36. Rxb5 Kd6 37. a4 Rh2 38. a5 Rxh4 39. Rb7 Kxd5 40. a6 Rh1+ 41. Kd2 Ra1 42. a7 h5 43. Rxg7 h4 44. Rh7 h3 45. Kc3 h2 46. Rxh2 Rxa7 47. Rh8 Ra1 48. Rd8+ Ke6 49. Re8+ Kd6 50. Rd8+ Ke7 51. Rd5 Rc1+ 52. Kd2 Ke6 53. Kxc1 Kxd5 54. Kc2 Ke6 55. Kc3 Kf5 56. Kc4 Kg4 57. Kxc5 Kf3 58. b4 Kxe3 59. b5 Kf3 60. b6 e3 61. b7 e2 62. b8=Q e1=Q 63. Qf8+ Ke2 64. Kd5 Qa5+ 65. Ke4 Qc3 66. Qd6 Qe3+ 67. Kf5 e4 68. Qh2+ Kd3 69. Qd6+ Qd4 70. Qa6+ Kd2 71. Qa2+ Ke3 72. Qb1 Qd7+ 73. Kg5 Qd3 74. Qg1+ Ke2 75. Qg2+ Kd1 76. Qg1+ Ke2 77. Qg2+ Kd1 78. Qg1+ Kc2 79. Qc5+ Qc3 80. Qf5 Qg3+ 81. Kh6 Qf3 82. Qc5+ Kd2 83. Qb4+ Ke2 84. Qb2+ Kf1 85. Qb1+ Kg2 86. Qb2+ Kh3 87. Qb7 Qf4+ 88. Kh7 Qh4+ 89. Kg8 Qg4+ 90. Kh7 e3 0-1

[Event "Tilburg"]
[Site "?"]
[Date "1996.??.??"]
[Round "?"]
[White "Lautier, J."]
[Black "Shirov, A."]
[Result "1/2-1/2"]
[WhiteElo "2620"]
[BlackElo "2685"]
[PlyCount "64"]
[EventDate "1996.??.??"]
[Source "ChessBase"]
[SourceDate "1996.10.01"]

1. c4 e5 2. Nc3 Bb4 3. Nd5 Be7 4. d4 d6 5. Nf3 e4 6. Nd2 f5 7. Nb1 Nf6 8. Nxe7 Qxe7 9. Nc3 O-O 10. Bg5 Be6 11. e3 Nbd7 12. Be2 c6 13. O-O Qf7 14. d5 cxd5 15. Nb5 Ne5 16. Nxd6 Qg6 17. Bxf6 Rxf6 18. cxd5 Bd7 19. Nc4 Nxc4 20. Bxc4 f4 21. exf4 Bh3 22. g3 Rxf4 23. d6+ Kh8 24. Qd5 Bxf1 25. Bxf1 Rff8 26. Rd1 Rad8 27. Bg2 Qf6 28. Rd2 e3 29. fxe3 Qh6 30. Rd3 Qf6 31. Rd2 Qh6 32. Rd3 Qf6 1/2-1/2

[Event "France (ch)"]
[Site "?"]
[Date "2004.??.??"]
[Round "?"]
[White "Lautier, J."]
[Black "Fressinet, L."]
[Result "1-0"]
[WhiteElo "2665"]
[BlackElo "2635"]
[PlyCount "77"]
[EventDate "2004.??.??"]
[Source "Chess Informant"]
[SourceDate "2004.06.01"]

1. c4 e5 2. Nc3 Bb4 3. Nd5 a5 4. a3 Be7 5. d4 d6 6. Nf3 e4 7. Nd2 f5 8. Nb1 Nd7 9. Nbc3 Ndf6 10. Bf4 Nh5 11. Bd2 Nhf6 12. Bf4 Nh5 13. Bd2 Nhf6 14. e3 c6 15. Nxe7 Nxe7 16. Qc2 O-O 17. f4 Bd7 18. Be2 Rb8 19. a4 Kh8 20. O-O h6 21. Rab1 g5 22. b4 axb4 23. Rxb4 Ng6 24. Qb2 Bc8 25. d5 Ra8 26. Kh1 Kh7 27. dxc6 bxc6 28. Rb8 Rxb8 29. Qxb8 Qe7 30. Qb6 d5 31. cxd5 cxd5 32. Qd4 Be6 33. Rb1 Rg8 34. a5 Qg7 35. fxg5 hxg5 36. a6 f4 37. Rb7 Bf7 38. a7 Nh4 39. Rb8 1-0

[Event "FRA-chT"]
[Site "Bordeus"]
[Date "2001.03.31"]
[Round "6.2"]
[White "Kharlov, Andrei"]
[Black "Piket, Jeroen"]
[Result "1-0"]
[WhiteElo "2639"]
[BlackElo "2632"]
[PlyCount "117"]
[EventDate "2001.03.29"]
[Source "www.chesslib.no"]
[SourceDate "2004.05.04"]

1. c4 e5 2. Nc3 Bb4 3. Nd5 Bc5 4. e3 Nf6 5. b4 Nxd5 6. bxc5 Nf6 7. Ba3 O-O 8. c6 Re8 9. cxb7 Bxb7 10. Rb1 Qc8 11. Ne2 Nc6 12. Ng3 a5 13. Bb2 d6 14. Be2 Ne7 15. O-O Nf5 16. f3 Nxg3 17. hxg3 Ba6 18. g4 Qe6 19. Qc2 h6 20. Ba1 Nd7 21. Rfc1 c6 22. Bd3 Qe7 23. Be4 Rec8 24. Bf5 Rd8 25. Qc3 f6 26. d4 Kh8 27. Kf2 Nf8 28. d5 Bc8 29. Be4 cxd5 30. cxd5 Ba6 31. Qc7 Qxc7 32. Rxc7 Nd7 33. Bf5 Nc5 34. Rb6 Na4 35. Rb1 Nc5 36. e4 Bc8 37. Bxc8 Rdxc8 38. Rxc8+ Rxc8 39. Ke2 Nd7 40. Kd3 Nc5+ 41. Kd2 Na4 42. Rb5 g6 43. Rxa5 Nb6 44. Ra6 Rb8 45. Kd3 h5 46. gxh5 gxh5 47. Bc3 Kg7 48. a4 Kf7 49. Ra7+ Kg6 50. Be1 f5 51. Bh4 fxe4+ 52. fxe4 Nc8 53. Rc7 Nb6 54. a5 Na4 55. Bf2 Rb3+ 56. Kd2 Rb2+ 57. Rc2 Rb5 58. a6 Ra5 59. Rc6 1-0

[Event "II Open Rapid"]
[Site "Canada de Calatrava SPA"]
[Date "2007.04.06"]
[Round "3"]
[White "Tahirov, F."]
[Black "Shirov, A."]
[Result "0-1"]
[WhiteElo "2545"]
[BlackElo "2715"]
[PlyCount "42"]
[EventDate "2007.04.06"]
[Source "www.chesslib.no"]
[SourceDate "2004.05.04"]

1. c4 e5 2. Nc3 Bb4 3. Qc2 Nf6 4. a3 Bxc3 5. Qxc3 Nc6 6. b4 O-O 7. e3 d5 8. cxd5 Qxd5 9. b5 Nd4 10. exd4 exd4 11. Qc4 Re8+ 12. Kd1 Qh5+ 13. Be2 Qg6 14. Nf3 Be6 15. Qc2 d3 16. Qxd3 Bf5 17. Qc4 Rxe2 18. Nh4 Qh5 19. Qxe2 Bc2+ 20. Ke1 Re8 21. Qxe8+ Nxe8 0-1

[Event "Biel (izt)"]
[Site "?"]
[Date "1993.??.??"]
[Round "?"]
[White "Seirawan, Y."]
[Black "Shirov, A."]
[Result "0-1"]
[WhiteElo "2575"]
[BlackElo "2685"]
[PlyCount "144"]
[EventDate "1993.??.??"]
[Source "ChessBase"]
[SourceDate "1993.06.01"]

1. c4 e5 2. Nc3 Bb4 3. Nd5 Be7 4. Nf3 d6 5. d4 e4 6. Nd2 f5 7. e3 Nf6 8. Nxe7 Qxe7 9. d5 O-O 10. Be2 Nbd7 11. O-O Ne5 12. Nb3 Bd7 13. Nd4 Nfg4 14. h3 Rf6 15. g3 Rh6 16. Kg2 Rxh3 17. Kxh3 f4 18. exf4 Nxf2+ 19. Kg2 Nxd1 20. fxe5 Qxe5 21. Rxd1 e3 22. Nf3 Qe4 23. Rd3 Qxc4 24. Rxe3 Qxd5 25. b3 Bb5 26. Bxb5 Qxb5 27. Bb2 Re8 28. Rxe8+ Qxe8 29. Kf2 h6 30. Re1 Qf7 31. g4 c5 32. Kg3 g5 33. Bc1 b6 34. Bd2 d5 35. Re5 d4 36. Rf5 Qe6 37. Be1 Qe2 38. b4 c4 39. Rd5 d3 40. Bd2 Qd1 41. b5 Qa4 42. Kf2 Qxa2 43. Rd8+ Kf7 44. Rc8 Ke7 45. Ke3 c3 46. Rxc3 Qe6+ 47. Kxd3 Qxg4 48. Nd4 Kd6 49. Rc6+ Kd5 50. Be3 h5 51. Ne2 h4 52. Nc3+ Ke5 53. Rh6 h3 54. Rh8 Qg2 55. Re8+ Kf5 56. Ne4 h2 57. Rf8+ Kg6 58. Rg8+ Kf7 59. Rxg5 h1=Q 60. Rxg2 Qxg2 61. Nc3 Ke6 62. Bd4 Qf1+ 63. Kd2 a6 64. bxa6 Qxa6 65. Nd1 Kd5 66. Bg7 b5 67. Ne3+ Ke4 68. Nc2 b4 69. Bb2 Qd3+ 70. Kc1 Qf1+ 71. Kd2 Qf2+ 72. Kc1 b3 0-1

[Event "2nd IECC, Ohrid MKD"]
[Site "?"]
[Date "2001.??.??"]
[Round "5"]
[White "Gurevich, M."]
[Black "Gyimesi, Z."]
[Result "0-1"]
[WhiteElo "2685"]
[BlackElo "2570"]
[PlyCount "112"]
[EventDate "2001.??.??"]
[Source "www.chesslib.no"]
[SourceDate "2004.05.04"]

1. c4 e5 2. Nc3 Bb4 3. Nd5 Bc5 4. Nf3 c6 5. Nc3 d6 6. g3 Nf6 7. d3 O-O 8. Bg2 h6 9. O-O Be6 10. b3 Bb6 11. e3 Re8 12. Ba3 Bc7 13. Qc2 Bf5 14. h3 Nbd7 15. Rad1 Rc8 16. Nd2 Nc5 17. e4 Bh7 18. Nf3 Bb6 19. Kh1 a5 20. Na4 Ba7 21. Nxc5 Bxc5 22. Bb2 Qb6 23. a3 Rcd8 24. Rb1 Qa7 25. Ra1 d5 26. cxd5 cxd5 27. Nxe5 dxe4 28. Qc4 Re7 29. dxe4 Bxf2 30. g4 Bg3 31. Nxf7 Rxf7 32. Rad1 Rxd1 33. Rxd1 Qb8 34. e5 Bxe5 35. Bxe5 Qxe5 36. Rd8+ Ne8 37. Bd5 Bg6 38. Bxf7+ Bxf7 39. Qd3 Qa1+ 40. Kh2 Qb2+ 41. Kg3 Qxa3 42. Qb5 Kf8 43. Qxb7 Qxb3+ 44. Qxb3 Bxb3 45. Ra8 a4 46. Kf4 Kf7 47. Ke5 Nf6 48. Ra7+ Kg6 49. Kd4 Nd5 50. h4 Nf6 51. Ra6 Bd1 52. Ke3 Bxg4 53. Rxa4 Kh5 54. Ra7 Nd7 55. Kf2 Kxh4 56. Kg2 g6 0-1

[Event "Harlingen"]
[Site "Harlingen"]
[Date "1991.??.??"]
[Round "2"]
[White "Korchnoi, Viktor L"]
[Black "Timman, Jan H"]
[Result "1-0"]
[WhiteElo "2615"]
[BlackElo "2630"]
[PlyCount "59"]
[EventDate "1991.??.??"]
[Source "www.chesslib.no"]
[SourceDate "2004.05.04"]

1. c4 e5 2. Nc3 Bb4 3. Nd5 Bc5 4. e3 Nf6 5. b4 Nxd5 6. bxc5 Nf6 7. d4 Qe7 8. Be2 O-O 9. Nf3 e4 10. Nd2 b6 11. Nb3 Re8 12. O-O Nc6 13. Ba3 d6 14. cxd6 cxd6 15. Rb1 Ba6 16. Qd2 Qd7 17. Rfd1 Rac8 18. Bxd6 Qxd6 19. c5 bxc5 20. Bxa6 Ng4 21. g3 Qh6 22. h4 Nxd4 23. exd4 e3 24. Bxc8 exd2 25. Bxg4 c4 26. Nxd2 c3 27. Nf1 c2 28. Re1 Kf8 29. Rxe8+ Kxe8 30. Re1+ 1-0

[Event "SWE-chT 0001"]
[Site "?"]
[Date "2000.??.??"]
[Round "2"]
[White "Agrest Evgenij"]
[Black "Sokolov Ivan"]
[Result "1/2-1/2"]
[WhiteElo "2604"]
[BlackElo "2637"]
[PlyCount "80"]
[EventDate "2000.??.??"]
[Source "www.chesslib.no"]
[SourceDate "2004.05.04"]

1. c4 e5 2. Nc3 Bb4 3. Nd5 Bc5 4. Nf3 c6 5. Nc3 d6 6. d4 exd4 7. Nxd4 Nf6 8. Nb3 Bb4 9. Qd4 O-O 10. Bg5 Nbd7 11. a3 Bxc3+ 12. Qxc3 Qb6 13. Nd2 d5 14. e3 Re8 15. Be2 h6 16. Bh4 a5 17. Rc1 a4 18. Qc2 d4 19. c5 Qd8 20. exd4 Nf8 21. Nf3 Ne6 22. Bg3 Nxd4 23. Nxd4 Qxd4 24. Kf1 Ne4 25. Rd1 Qxc5 26. Qxc5 Nxc5 27. f3 Be6 28. Bf2 Nb3 29. Bb6 c5 30. Kf2 c4 31. Rd6 Rac8 32. Rhd1 g5 33. h4 Kg7 34. hxg5 hxg5 35. Be3 Kf6 36. Rb6 c3 37. bxc3 Rxc3 38. Bb5 Rg8 39. Bxa4 g4 40. fxg4 Rxg4 1/2-1/2

[Event "Tch (Men) 2005/2006 FRA"]
[Site "?"]
[Date "2006.04.02"]
[Round "7"]
[White "Malakhov Vladimir"]
[Black "Nikolaidis Ioannis"]
[Result "1/2-1/2"]
[WhiteElo "2694"]
[BlackElo "2525"]
[PlyCount "91"]
[EventDate "2006.??.??"]
[Source "www.chesslib.no"]
[SourceDate "2004.05.04"]

1. c4 e5 2. Nc3 Bb4 3. g3 Bxc3 4. dxc3 d6 5. Bg2 Nc6 6. c5 Nge7 7. cxd6 cxd6 8. e4 Be6 9. Nf3 f6 10. O-O d5 11. exd5 Bxd5 12. b3 Qc7 13. c4 Be6 14. Bb2 O-O 15. Qe2 a5 16. Nd4 Nxd4 17. Bxd4 Bd7 18. Bb2 Bc6 19. Bh3 Ng6 20. Be6+ Kh8 21. Rad1 Rfe8 22. Bf5 Ne7 23. Bb1 e4 24. Qh5 Ng6 25. f3 Qf7 26. fxe4 Bxe4 27. Rd6 Bxb1 28. Rxb1 Qe7 29. Rbd1 Qe3+ 30. Kf1 a4 31. R6d3 Qe6 32. Bc3 axb3 33. axb3 Ne5 34. Bxe5 fxe5 35. Rd6 Qe7 36. Kg2 Rf8 37. Qe2 e4 38. Rd7 Qe6 39. Qe3 h6 40. Qd4 Qg4 41. Kg1 Rf6 42. Rd8+ Rxd8 43. Qxd8+ Kh7 44. Re1 Rf3 45. Qd1 Qf5 46. Qd4 1/2-1/2

[Event "Europa ch 2008"]
[Site "Plovdiv BUL"]
[Date "2008.04.30"]
[Round "9.32"]
[White "Werle, Jan"]
[Black "Mchedlishvili, Mikheil"]
[Result "0-1"]
[WhiteElo "2581"]
[BlackElo "2635"]
[PlyCount "106"]
[EventDate "2008.04.21"]
[Source "www.chesslib.no"]
[SourceDate "2004.05.04"]

1. c4 e5 2. Nc3 Bb4 3. g3 Bxc3 4. bxc3 d6 5. Bg2 Nc6 6. d3 Nge7 7. f4 Ng6 8. Nf3 exf4 9. Bxf4 Bg4 10. O-O O-O 11. Rb1 Qc8 12. Rf2 Rb8 13. Qd2 b6 14. Nd4 Nce7 15. e4 Qd7 16. Nc2 Bh3 17. Bh1 f5 18. exf5 Rxf5 19. Ne3 Rf7 20. Nd5 Rbf8 21. Re1 Nc6 22. Be3 Rxf2 23. Bxf2 Nce5 24. Nf4 Nxf4 25. gxf4 Ng6 26. Bg3 Bf5 27. Re3 h6 28. Bf3 Bg4 29. Bd5+ Kh8 30. Re1 Ne7 31. Be4 d5 32. cxd5 Nxd5 33. c4 Nf6 34. Qc3 Bf5 35. Bh4 Nh5 36. Bd5 Nxf4 37. Re7 Qxe7 38. Bxe7 Ne2+ 39. Kf2 Nxc3 40. Bxf8 Bxd3 41. a3 Nxd5 42. cxd5 Bc4 43. d6 cxd6 44. Bxd6 b5 45. Ke3 g5 46. Kd4 Kg7 47. a4 a6 48. axb5 axb5 49. Ke5 Kg6 50. Bf8 Be2 51. Ke4 h5 52. Be7 g4 53. Ke3 Bd1 0-1

[Event "Amber-blind 3rd"]
[Site "Monte Carlo"]
[Date "1994.??.??"]
[Round "1"]
[White "Ljubojevic, Ljubomir"]
[Black "Kortschnoj, Viktor"]
[Result "1/2-1/2"]
[WhiteElo "2600"]
[BlackElo "2615"]
[PlyCount "68"]
[EventDate "1994.03.??"]
[Source "ChessBase"]

1. c4 e5 2. Nc3 Bb4 3. Nd5 Be7 4. Qc2 c6 5. Nxe7 Qxe7 6. g3 Nf6 7. Bg2 O-O 8. d3 d5 9. Bg5 Na6 10. a3 dxc4 11. Qxc4 h6 12. Bxf6 Qxf6 13. Nf3 Nc7 14. O-O Re8 15. Nd2 Be6 16. Qb4 Nb5 17. Ne4 Qe7 18. Qxe7 Rxe7 19. e3 Rd8 20. Nc5 Bc8 21. Rfc1 Nc7 22. b4 b6 23. Na4 Rxd3 24. Bxc6 Bh3 25. Nc3 f5 26. Rc2 e4 27. Nb5 Nxb5 28. Bxb5 Rd8 29. Rac1 Kh7 30. Rc8 Rxc8 31. Rxc8 h5 32. Bf1 Bxf1 33. Kxf1 Rd7 34. Rc3 Kh6 1/2-1/2

[Event "Zagreb"]
[Site "Zagreb"]
[Date "1985.??.??"]
[Round "?"]
[White "Smejkal, Jan"]
[Black "Timman, Jan H"]
[Result "1/2-1/2"]
[WhiteElo "2555"]
[BlackElo "2650"]
[PlyCount "160"]
[EventDate "1985.04.??"]
[Source "ChessBase"]

1. c4 e5 2. Nc3 Bb4 3. Nd5 Bc5 4. e3 Nf6 5. Ne2 c6 6. Nxf6+ Qxf6 7. d4 exd4 8. exd4 Bb6 9. Be3 d5 10. Nc3 Be6 11. c5 Bc7 12. Be2 Nd7 13. O-O O-O 14. Qd2 Rfe8 15. b4 Nf8 16. Bg5 Qg6 17. Bf4 Bxf4 18. Qxf4 Bf5 19. Rfd1 Ne6 20. Qh4 Ng5 21. Qg3 Qf6 22. Bf1 h5 23. h4 Ne4 24. Nxe4 Rxe4 25. Qg5 Qxg5 26. hxg5 Rg4 27. f3 Rxg5 28. Re1 Kf8 29. Re5 Re8 30. Rae1 Rxe5 31. Rxe5 f6 32. Re3 Bd7 33. Bd3 h4 34. Kh2 Kf7 35. a4 f5 36. b5 f4 37. Re1 h3 38. gxh3 Rg3 39. Be2 Rxh3+ 40. Kg2 Rg3+ 41. Kh2 Rh3+ 42. Kg2 Rh6 43. bxc6 Bxc6 44. Bb5 Re6 45. Rb1 a5 46. Bxc6 bxc6 47. Rb7+ Kf6 48. Rc7 g5 49. Kf2 Kf5 50. Rf7+ Rf6 51. Rh7 Rf8 52. Rc7 Rb8 53. Rxc6 Rb4 54. Rc8 Rxd4 55. c6 Ke6 56. Ra8 Rc4 57. Rxa5 Rxc6 58. Ra8 Ke5 59. a5 Kd4 60. a6 Re6 61. a7 Re7 62. Kg2 Rh7 63. Kf2 Rd7 64. Kg2 Kd3 65. Kh3 d4 66. Kg4 Rg7 67. Kh5 Kd2 68. Kh6 Rc7 69. Kxg5 d3 70. Kxf4 Kc2 71. Ke5 d2 72. Rd8 Rxa7 73. Rc8+ Kd3 74. Rd8+ Ke2 75. Rxd2+ Kxd2 76. f4 Ke3 77. f5 Ra5+ 78. Ke6 Kf4 79. f6 Ra6+ 80. Ke7 Ke5 1/2-1/2

[Event "Groningen PCA"]
[Site "Groningen"]
[Date "1993.??.??"]
[Round "9"]
[White "Hansen, Curt"]
[Black "Lutz, Christopher"]
[Result "1/2-1/2"]
[WhiteElo "2590"]
[BlackElo "2605"]
[PlyCount "41"]
[EventDate "1993.12.??"]
[Source "ChessBase"]

1. c4 e5 2. Nc3 Bb4 3. Nd5 Be7 4. Nf3 d6 5. d4 c6 6. Nxe7 Qxe7 7. e3 Nf6 8. Be2 O-O 9. O-O Bg4 10. h3 Bh5 11. b4 Nbd7 12. a4 Rfe8 13. Bb2 Rad8 14. Re1 Nf8 15. b5 c5 16. dxe5 dxe5 17. Qc2 N6d7 18. Rad1 e4 19. Nh2 Bxe2 20. Rxe2 Ne5 21. Bxe5 1/2-1/2

[Event "Chess Classics Masters"]
[Site "Frankfurt"]
[Date "1998.06.18"]
[Round "6"]
[White "Beim, Valery"]
[Black "Timman, Jan H"]
[Result "1/2-1/2"]
[WhiteElo "2555"]
[BlackElo "2635"]
[PlyCount "111"]
[EventDate "1998.06.17"]
[Source "ChessBase"]
[SourceDate "1998.09.09"]

1. c4 e5 2. Nc3 Bb4 3. Nd5 Bc5 4. Nf3 c6 5. Nc3 Qe7 6. e3 Nf6 7. Nxe5 Qxe5 8. d4 Bxd4 9. Qxd4 d6 10. Be2 Be6 11. Qxe5 dxe5 12. b3 O-O 13. Ba3 Re8 14. h3 Nbd7 15. g4 h6 16. O-O-O Nf8 17. Bd6 Ng6 18. Bd3 Bd7 19. Ne4 Nxe4 20. Bxe4 Nh4 21. Rhg1 Be6 22. Bh1 f6 23. f4 Bf7 24. f5 e4 25. Bf4 a6 26. Rd6 Nf3 27. Rgd1 Ne5 28. Bxe5 Rxe5 29. Rd8+ Rxd8 30. Rxd8+ Be8 31. Rb8 b5 32. Ra8 bxc4 33. bxc4 a5 34. Rd8 Kf8 35. Rd4 Bf7 36. Kb2 c5 37. Rd8+ Ke7 38. Ra8 Bxc4 39. Ra7+ Kf8 40. Rxa5 Bd3 41. Kc3 h5 42. a4 h4 43. Bg2 g6 44. Ra8+ Kg7 45. Ra7+ Kh6 46. fxg6 Kxg6 47. Ra8 Re6 48. Rg8+ Kf7 49. Ra8 Re8 50. Ra5 Rc8 51. Ra7+ Ke6 52. a5 Rb8 53. Rc7 Kd6 54. Rf7 Ke6 55. Rc7 Kd6 56. Rf7 1/2-1/2

[Event "Moscow ol (Men)"]
[Site "Moscow"]
[Date "1994.??.??"]
[Round "3"]
[White "Lobron, Eric"]
[Black "Bologan, Viktor"]
[Result "1-0"]
[WhiteElo "2580"]
[BlackElo "2600"]
[PlyCount "79"]
[EventDate "1994.11.??"]
[Source "ChessBase"]

1. c4 e5 2. Nc3 Bb4 3. Nd5 Be7 4. d4 d6 5. e3 f5 6. Ne2 Nf6 7. Nec3 O-O 8. Be2 Nxd5 9. Nxd5 Bg5 10. O-O c6 11. Nc3 Be6 12. e4 Bf6 13. d5 Bc8 14. exf5 Bxf5 15. Bd3 g6 16. Ne4 Na6 17. Be3 Nc7 18. Qb3 cxd5 19. cxd5 b6 20. Rac1 Ne8 21. Rc6 Bxe4 22. Bxe4 Bg5 23. Rfc1 Bxe3 24. Qxe3 Qe7 25. g3 Rd8 26. f3 Nf6 27. Rc7 Rd7 28. Rxd7 Qxd7 29. Rc6 Kg7 30. b4 Rd8 31. Kg2 Qf7 32. Qd3 Rd7 33. a4 Qe7 34. Qc2 Qf7 35. Qc4 Ng8 36. Rc8 Ne7 37. Ra8 Ng8 38. Qc8 Rc7 39. Qd8 Rd7 40. Qb8 1-0

[Event "2nd IECC Playoff g/15, Ohrid MKD (2.1)"]
[Site "?"]
[Date "2001.??.??"]
[Round "?"]
[White "Aleksandrov, A."]
[Black "Gyimesi, Z."]
[Result "0-1"]
[WhiteElo "2610"]
[BlackElo "2570"]
[PlyCount "146"]
[EventDate "2001.??.??"]
[Source "www.chesslib.no"]
[SourceDate "2004.05.04"]

1. c4 e5 2. Nc3 Bb4 3. Nd5 Bc5 4. Nf3 c6 5. Nc3 d6 6. e3 Qe7 7. d4 exd4 8. Nxd4 Nf6 9. Be2 O-O 10. O-O Rd8 11. Qc2 d5 12. cxd5 Bxd4 13. exd4 Nxd5 14. Re1 Re8 15. Bd2 Be6 16. Ne4 Nd7 17. Ng5 Nf8 18. Bg4 Nf6 19. Bxe6 Nxe6 20. Nxe6 fxe6 21. Bf4 Rad8 22. Rad1 Rd5 23. h3 Qf7 24. Be5 Nd7 25. Bg3 Nf8 26. f3 Red8 27. Bf2 Qd7 28. Rc1 Ng6 29. Re4 Qf7 30. Rce1 Nf8 31. h4 Qg6 32. Qb3 R8d7 33. Rf4 Rf5 34. Rg4 Qf6 35. Bg3 Rxd4 36. Qxb7 Rd2 37. Qxa7 h5 38. Rge4 Qxb2 39. Bf2 Qxa2 40. Qe3 c5 41. Ra4 Qxa4 42. Qxd2 Rd5 43. Qc3 Qb4 44. Qe3 c4 45. Rc1 Qb3 46. Kh2 Qa2 47. Kg3 Rd2 48. Qc5 Re2 49. Qa7 Qxa7 50. Bxa7 Ra2 51. Bc5 Ra4 52. Rd1 Kf7 53. Rd8 Ng6 54. Rd7+ Kf6 55. Bb6 c3 56. Bd8+ Ke5 57. Rxg7 Nf4 58. Bc7+ Kf6 59. Rd7 Ne2+ 60. Kf2 c2 61. Bd8+ Kg6 62. Bg5 c1=Q 63. Bxc1 Nxc1 64. g3 Ra2+ 65. Ke1 Rg2 66. Kf1 Rc2 67. Re7 Kf6 68. Rh7 Ne2 69. Kg2 Nd4+ 70. Kh3 Nxf3 71. Rh6+ Kf5 72. Rxh5+ Kg6 73. Ra5 Ng1+ 0-1

[Event "USA-ch Gr-B"]
[Site "Denver"]
[Date "1998.11.06"]
[Round "7"]
[White "Gulko, Boris F"]
[Black "Benjamin, Joel"]
[Result "1/2-1/2"]
[WhiteElo "2585"]
[BlackElo "2595"]
[PlyCount "23"]
[EventDate "1998.10.31"]
[Source "ChessBase"]
[SourceDate "1999.02.01"]

1. c4 e5 2. Nc3 Bb4 3. Nd5 Be7 4. d4 d6 5. e4 Nc6 6. Ne2 f5 7. Nxe7 Ngxe7 8. d5 Nb8 9. exf5 Nxf5 10. Ng3 O-O 11. Bd3 Na6 12. O-O 1/2-1/2

[Event "PCA-op"]
[Site "New York"]
[Date "1994.??.??"]
[Round "6"]
[White "Azmaiparashvili, Zurab"]
[Black "Rohde, Michael A"]
[Result "0-1"]
[WhiteElo "2625"]
[BlackElo "2550"]
[PlyCount "98"]
[EventDate "1994.??.??"]
[Source "ChessBase"]

1. c4 e5 2. Nc3 Bb4 3. Nf3 Bxc3 4. dxc3 Nc6 5. g3 d6 6. Bg2 f5 7. O-O Nf6 8. Qb3 O-O 9. c5+ d5 10. Bg5 Rb8 11. Bxf6 Qxf6 12. e4 fxe4 13. Qxd5+ Kh8 14. Qxe4 Bf5 15. Qe3 Rbd8 16. Rfe1 e4 17. Ng5 Ne5 18. Nxe4 Bxe4 19. Bxe4 Ng4 20. Qf4 Qe6 21. Bxb7 Qg6 22. Rad1 Rb8 23. Qxc7 Nxf2 24. Rd2 Nh3+ 25. Kg2 Nf4+ 26. Kh1 Rbe8 27. Red1 Nh3 28. Qd6 Qh5 29. Kg2 h6 30. Qd7 Ng5 31. Qd3 Qg4 32. Bd5 Nh3 33. Bf3 Nf4+ 34. Kh1 Nxd3 35. Bxg4 Nxc5 36. Kg2 Na4 37. Bf3 Nb6 38. b3 Rb8 39. c4 g5 40. c5 Nc8 41. c6 Rb4 42. Rd8 Kg8 43. Rxf8+ Kxf8 44. Rd8+ Ke7 45. Rxc8 Rd4 46. c7 Rd2+ 47. Kh3 Rc2 48. Bg4 Kd6 49. Rd8+ Kxc7 0-1

[Event "LXI Lega superiore camp. russo"]
[Site "Novokuznetsk RUS"]
[Date "2008.09.10"]
[Round "7"]
[White "Khismatullin, D."]
[Black "Ovetchkin, R."]
[Result "1-0"]
[WhiteElo "2613"]
[BlackElo "2558"]
[PlyCount "83"]
[EventDate "2008.09.03"]
[Source "www.chesslib.no"]
[SourceDate "2004.05.04"]

1. c4 e5 2. Nc3 Bb4 3. g3 Bxc3 4. bxc3 d6 5. Bg2 Ne7 6. d3 O-O 7. Nh3 Nbc6 8. O-O Bd7 9. f4 Qc8 10. Nf2 Ng6 11. fxe5 Ncxe5 12. Qb3 Rb8 13. Qa3 Bc6 14. Qxa7 Bxg2 15. Kxg2 b6 16. Qa4 Qb7+ 17. Kg1 Rbe8 18. Qb5 c5 19. Rb1 Nd7 20. Rb2 Re6 21. Qa4 h5 22. Qd1 h4 23. g4 d5 24. cxd5 Qxd5 25. e4 Qa8 26. g5 Qa5 27. Qb3 Nge5 28. d4 Nf3+ 29. Kg2 cxd4 30. Kxf3 Rc8 31. Kg2 dxc3 32. Rc2 b5 33. Rd1 Nb6 34. Rd3 Na4 35. a3 Rc4 36. Be3 Qa8 37. Qxb5 Rcxe4 38. Nxe4 Qxe4+ 39. Kf2 Re5 40. Rd8+ Kh7 41. Qd3 Rf5+ 42. Kg1 1-0